Statistiques concernant Harry Potter: les Sortilèges

Cliquez ici pour prendre le quiz!

Statistiques générales

  • Ce quiz a été pris 189 fois
    (164 depuis la dernière actualisation)
  • Le résultat moyen est 20 sur 47

Statistiques - réponses

InformationRéponses% Correct
Outil utiliséBaguette magique
87%
Sortilège d'attractionAccio
86%
Première apparitionHarry Potter à l'école des sorciers
84%
Dernière apparitionHarry Potter et les Reliques de la Mort
84%
Sortilège de lévitationWingardium Leviosa
84%
Sortilège de la mortAvada Kedavra
83%
Sortilège d'amnésieOubliettes
81%
Sortilège de désarmementExpelliarmus
79%
Sortilège du dolorisEndoloris
78%
Sortilège du patronusSpero patronum
78%
Professeur qui les enseigneFilius Flitwick
75%
Sortilège d'eauAguamenti
74%
Sortilège d'allumage de baguetteLumos
73%
Sortilège de déverrouillageAlohomora
71%
Charme du bouclierProtego
71%
Sortilège de réductionReducto
71%
Sortilège de l'imperiumImpero
70%
Sortilège qui annule ce dernierNox
58%
Sortilège de chatoullisRictusempra
51%
Sortilège du saucissonPetrificus totalus
47%
Sortilège de récurageRecurvite
47%
Sortilège d'invocation de serpentSerpensortia
44%
Sortilège de feuIncendio
39%
Type de sortEnchantement
36%
Sortilège d'Apparition d'oiseauxAvis
34%
Antisort généralFinite Incantatem
27%
Sortilège connu (PSM)Levicorpus
25%
Sortilège d'engorgementAmplificatum
23%
Sortilège explosifConfringo
21%
Sortilège d'expulsionRepulso
21%
Sortilège d'entraveImpedimenta
19%
Sortilège d'entraveImpedimenta
19%
Type de sortMalédiction
19%
Sortilège de découpeDiffindo
16%
Sortilège connuIncarcerem
16%
Type de sortMaléfice
16%
Sortilège d'emprisonnementCollaporta
13%
Sortilège de furonculoseFurunculus
10%
Sortilège qui annule ce dernier (PSM)Liberacorpus
9%
Sortilège de disparitionEvanesco
8%
Sortilège connu (PSM)Assurdiato
5%
Sortilège connuRiddikulus
3%
Sortilège connue (PSM)Bloclang
1%
Sortilège de répulsionLashlabask
1%
Sortilège connuLegilimens
1%
Sortilège connuMobilicorpus
1%
Sortilège connuDentesaugmento
0%

Distribution des résultats

Percentile par nombre de réponses

% des personnes avec chaque résultat

Votre développement - résultats

Vous n’avez pas pris ce quiz depuis la dernière actualisation